Normal view MARC view

Entry Personal Name

Number of records used in: 1

001 - CONTROL NUMBER

  • control field: 9151

003 - CONTROL NUMBER IDENTIFIER

  • control field: DLC

005 - DATE AND TIME OF LATEST TRANSACTION

  • control field: 20221003141850.0

008 - FIXED-LENGTH DATA ELEMENTS

  • fixed length control field: 920130n| acannaab |a aaa

010 ## - LIBRARY OF CONGRESS CONTROL NUMBER

  • LC control number: n 92010359
  • Canceled/invalid LC control number: n 80163281
  • Canceled/invalid LC control number: n 2001009523

040 ## - CATALOGING SOURCE

  • Original cataloging agency: DLC
  • Transcribing agency: DLC
  • Modifying agency: DLC

100 10 - HEADING--PERSONAL NAME

  • Personal name: Singh, R. Paul

400 0# - SEE FROM TRACING--PERSONAL NAME

  • Personal name: S. R. Paul

670 ## - SOURCE DATA FOUND

  • Source citation: Advances in food engineering, 1992:
  • Information found: CIP t.p. (R. Paul Singh, Dept. of Agr. Engr., Ohio State Univ., Columbus, Ohio)

670 ## - SOURCE DATA FOUND

  • Source citation: Principles of food engineering, 1993:
  • Information found: CIP t.p. (R. Paul Singh) pub. info. (Dept. of Agric. Engin. & Dept. of Food Sci. & Tech., Univ. of California, Davis)

670 ## - SOURCE DATA FOUND

  • Source citation: WW in engineering, 1984
  • Information found: (Singh, R. Paul ; b. June 8, 1949)

670 ## - SOURCE DATA FOUND

  • Source citation: R. Paul Singh, 1996?:
  • Information found: personal home page (R. Paul Singh, prof. of Food Engineering, Dept. of Biological and Agricultural Engineering, Dept. of Food Science and Technology, Univ. of Calif., Davis)

670 ## - SOURCE DATA FOUND

  • Source citation: Posharvest technology, c2001:
  • Information found: t.p. (Paul S. R.)

Powered by Koha